000 00436nam a2200169Ia 4500
008 230524s9999 xx 000 0 und d
020 _a8126508132
082 _a621.3
_bCAL
100 _aWilliam D.Callister
245 0 _aMaterial Science and Engineering An Introduction
250 _a6TH
260 _aSINGAPORE
_bJohn Willey
_c2005
300 _aXVIII;775
500 _aQuantity Number: 87
650 _aChemistry
942 _cBK
999 _c26810
_d26810